[Event "39th Olympiad Men"]
[Site "Khanty-Mansiysk RUS"]
[Date "2010.09.24"]
[Round "4"]
[White "Rowe, Duane"]
[Black "Astaneh Lopez, Alex"]
[Result "0-1"]
[BlackTitle "FM"]
[WhiteElo "2248"]
[BlackElo "2393"]
[Plycount "90"]
[Board "45.2"]
[WhiteTeam "JAM"]
[BlackTeam "IRL"]
[WhiteFideId "7400268"]
[BlackFideId "2501430"]
[EventDate "2010.09.21"]
[EventType "team"]
[Source "TWIC 829"]

1. e4 c6 2. Nc3 d5 3. Nf3 Bg4 4. h3 Bxf3 5. Qxf3 e6 6. d4 Nf6 7. Bg5 Be7 8.
O-O-O dxe4 9. Nxe4 Nxe4 10. Bxe7 Qxe7 11. Qxe4 Nd7 12. Bc4 Nf6 13. Qe5 O-O 14.
Rhe1 b5 15. Bb3 a5 16. c3 a4 17. Bc2 a3 18. b3 Rfd8 19. Qg5 Rd5 20. Qh4 g6 21.
g4 Kg7 22. g5 Nh5 23. f4 Qc7 24. Be4 Rdd8 25. Rf1 Kg8 26. Rf3 Ng7 27. Qf2 Rd6
28. Rfd3 Rad8 29. Kc2 R6d7 30. Qf3 Rc8 31. Re3 c5 32. d5 exd5 33. Bxd5 Nf5 34.
Re5 Rcd8 35. Rde1 b4 36. Qe4 bxc3 37. Re8+ Kg7 38. Rxd8 Rxd8 39. Qe5+ Qxe5 40.
Rxe5 Rxd5 41. Rxd5 Ne3+ 42. Kxc3 Nxd5+ 43. Kc4 Nb4 44. Kxc5 Nxa2 45. Kc4 Nb4 0-1

[Event "39th Olympiad Men"]
[Site "Khanty-Mansiysk RUS"]
[Date "2010.09.27"]
[Round "6"]
[White "Tologontegin, Semetey"]
[Black "Daly, Colm"]
[Result "1-0"]
[WhiteTitle "FM"]
[BlackTitle "FM"]
[WhiteElo "2320"]
[BlackElo "2277"]
[Plycount "101"]
[Board "30.3"]
[WhiteTeam "KGZ"]
[BlackTeam "IRL"]
[WhiteFideId "13800574"]
[BlackFideId "2500434"]
[EventDate "2010.09.21"]
[EventType "team"]
[Source "TWIC 829"]

1. d4 e6 2. c4 Nf6 3. Nc3 Bb4 4. e3 c5 5. Ne2 d5 6. a3 Bxc3+ 7. Nxc3 cxd4 8.
exd4 dxc4 9. Bxc4 Nc6 10. Be3 O-O 11. O-O b6 12. Qf3 Bb7 13. Qg3 Ne7 14. Bd3 Nf5
15. Qh3 Nxe3 16. fxe3 h6 17. Rad1 Qe7 18. Rf2 Rad8 19. Rdf1 Nd5 20. e4 Nxc3 21.
bxc3 e5 22. Bc4 exd4 23. Rxf7 Rxf7 24. Rxf7 Qxf7 25. Bxf7+ Kxf7 26. Qf5+ Kg8 27.
Qe6+ Kf8 28. cxd4 Rxd4 29. Qf5+ Kg8 30. Qe5 Rxe4 31. Qb8+ Kh7 32. Qxb7 Ra4 33.
Qf3 Ra5 34. Qd3+ Kg8 35. Kf2 h5 36. Qg6 Kf8 37. g3 Kg8 38. Kg2 Kf8 39. Kh3 Kg8
40. Kh4 Kf8 41. Qe6 Rc5 42. h3 Ra5 43. g4 hxg4 44. hxg4 Rc5 45. g5 Rc7 46. g6 b5
47. Qd6+ Re7 48. Qb8+ Re8 49. Qxa7 Re7 50. Qb8+ Re8 51. Qxb5 1-0

[Event "39th Olympiad Men"]
[Site "Khanty-Mansiysk RUS"]
[Date "2010.09.29"]
[Round "8"]
[White "Rios, Cristhian Camilo"]
[Black "Daly, Colm"]
[Result "1-0"]
[WhiteTitle "FM"]
[BlackTitle "FM"]
[WhiteElo "2380"]
[BlackElo "2277"]
[Plycount "105"]
[Board "22.4"]
[WhiteTeam "COL"]
[BlackTeam "IRL"]
[WhiteFideId "4403940"]
[BlackFideId "2500434"]
[EventDate "2010.09.21"]
[EventType "team"]
[Source "TWIC 830"]

1. d4 e6 2. c4 Nf6 3. Nc3 Bb4 4. e3 c5 5. Ne2 d5 6. a3 Bxc3+ 7. Nxc3 cxd4 8.
exd4 dxc4 9. Bxc4 Nc6 10. Be3 O-O 11. O-O b6 12. Qf3 Bb7 13. Bd3 Qd7 14. Qg3 Ne7
15. Rad1 Nf5 16. Qh3 h6 17. Bxf5 exf5 18. Qg3 Kh7 19. Bf4 Nd5 20. h4 Rg8 21.
Nxd5 Qxd5 22. Rfe1 Rae8 23. Rxe8 Rxe8 24. h5 Re6 25. f3 g5 26. hxg6+ Rxg6 27.
Qf2 Qxf3 28. Qxf3 Bxf3 29. Rd2 Bd5 30. g3 Re6 31. Kf2 Kg6 32. Rc2 Re4 33. Rc7 h5
34. Rxa7 h4 35. Rd7 Bc4 36. Rd6+ f6 37. Kg2 h3+ 38. Kxh3 Bf1+ 39. Kh2 Re2+ 40.
Kg1 Bh3 41. Rxb6 Rg2+ 42. Kh1 Re2 43. a4 Bg2+ 44. Kg1 Kh5 45. a5 Kg4 46. a6 Bd5
47. a7 Re7 48. Ra6 Re8 49. Kf2 Bf3 50. Rxf6 Re2+ 51. Kf1 Rxb2 52. Rg6+ Kh5 53.
Rh6+ 1-0

[Event "Uxbridge Premier"]
[Site "Denham ENG"]
[Date "2010.10.24"]
[Round "1"]
[White "Fox, Anthony"]
[Black "Foo, William J"]
[Result "1/2-1/2"]
[WhiteElo "2130"]
[BlackElo "1895"]
[Plycount "96"]
[WhiteFideId "2500736"]
[BlackFideId "419753"]
[EventDate "2010.10.24"]
[Source "TWIC 835"]

1. e4 c5 2. Nc3 Nc6 3. g3 g6 4. Bg2 Bg7 5. d3 d6 6. Be3 Nf6 7. h3 e5 8. Nge2 O-O
9. O-O b5 10. Nxb5 Rb8 11. Na3 Rxb2 12. Nc4 Rb8 13. Nc3 Qc7 14. Bg5 Be6 15. Ne3
Qa5 16. Ncd5 Bxd5 17. exd5 Ne7 18. Qf3 e4 19. dxe4 Nxe4 20. Qxe4 Bxa1 21. Rxa1
Qc3 22. Rf1 f6 23. Qxe7 fxg5 24. Qxd6 Rbe8 25. Ng4 Qd4 26. Qd7 Kh8 27. d6 Re2
28. c3 Qxc3 29. Qxa7 h5 30. Ne3 Rexf2 31. Qe7 R8f7 32. Qxg5 Rxf1+ 33. Bxf1 Kg7
34. Bg2 Qd4 35. Bd5 Qa1+ 36. Kh2 Qb2+ 37. Ng2 Rf6 38. d7 Qb8 39. Nf4 Rd6 40.
Nxh5+ Kf8 41. Qh6+ Ke7 42. Qg7+ Kd8 43. Qf8+ Kc7 44. Qxb8+ Kxb8 45. Nf4 Rxd7 46.
Bb3 Rd4 47. Nxg6 c4 48. Bxc4 Rxc4 1/2-1/2

[Event "Uxbridge Premier"]
[Site "Denham ENG"]
[Date "2010.10.25"]
[Round "2"]
[White "Cafolla, Peter"]
[Black "Rudd, Jack"]
[Result "0-1"]
[BlackTitle "IM"]
[WhiteElo "2088"]
[BlackElo "2251"]
[Plycount "78"]
[WhiteFideId "2500884"]
[BlackFideId "405736"]
[EventDate "2010.10.24"]
[Source "TWIC 835"]

1. e4 d6 2. d4 g6 3. Bd3 Bg7 4. c3 Nd7 5. Nf3 b6 6. O-O Bb7 7. Re1 e6 8. Bg5 Ne7
9. h3 h6 10. Bxe7 Qxe7 11. Nbd2 g5 12. Qa4 a6 13. e5 h5 14. exd6 cxd6 15. Ne4 g4
16. Qa3 Bf8 17. Nfd2 b5 18. h4 Nf6 19. Ng5 Bh6 20. Nde4 Nxe4 21. Nxe4 Rd8 22.
Rad1 O-O 23. g3 f5 24. Nd2 f4 25. Qb3 Rde8 26. Rf1 fxg3 27. fxg3 Be3+ 28. Kh2
Bf4 29. Rxf4 Rxf4 30. Kg1 Rf6 31. Re1 Ref8 32. Be4 d5 33. Bxd5 Bxd5 34. Qxd5
exd5 35. Rxe7 Rf2 36. Re5 Rxd2 37. Rxh5 Rd1+ 38. Kg2 Rdf1 39. Rg5+ Kh7 0-1

[Event "Uxbridge Premier"]
[Site "Denham ENG"]
[Date "2010.10.25"]
[Round "2"]
[White "Smith, Andrew Philip"]
[Black "Foster, James M"]
[Result "1-0"]
[WhiteTitle "FM"]
[WhiteElo "2190"]
[BlackElo "1961"]
[Plycount "101"]
[WhiteFideId "2500833"]
[BlackFideId "408522"]
[EventDate "2010.10.24"]
[Source "TWIC 835"]

1. e4 e6 2. d4 d5 3. e5 c5 4. Qg4 Nc6 5. Nf3 cxd4 6. Bd3 Nge7 7. O-O Ng6 8. Re1
Bc5 9. h4 f5 10. Qg3 Qc7 11. h5 Nf8 12. a3 g6 13. b4 Bb6 14. h6 Bd7 15. Bg5 Qc8
16. Bf6 Rg8 17. Nbd2 Bd8 18. Ng5 Qc7 19. Bg7 Bxg5 20. Qxg5 Nd8 21. Nf3 Nf7 22.
Qh4 Qb6 23. Bf6 Bc6 24. Rad1 a5 25. b5 Bd7 26. a4 Rc8 27. Rd2 Rc3 28. Bf1 Ra3
29. Nxd4 Rxa4 30. c3 g5 31. Qh5 Rg6 32. Bg7 Qc5 33. Rc1 Ra3 34. c4 Ra4 35. Qd1
Rb4 36. cxd5 Qxd5 37. Nxf5 Qb3 38. Rxd7 Nxd7 39. Rc8+ Nd8 40. Bf6 Rxf6 41. Nd6+
Ke7 42. exf6+ Nxf6 43. Nf5+ exf5 44. Qxd8+ Ke6 45. Rc7 Nd5 46. Qe8+ Kd6 47. Rxh7
a4 48. Qf8+ Ke5 49. Rf7 Qb1 50. h7 Rh4 51. h8=Q+ 1-0

[Event "Uxbridge Premier"]
[Site "Denham ENG"]
[Date "2010.10.25"]
[Round "2"]
[White "McKerracher, Douglas"]
[Black "Fox, Anthony"]
[Result "1/2-1/2"]
[WhiteElo "1940"]
[BlackElo "2130"]
[Plycount "70"]
[WhiteFideId "2401002"]
[BlackFideId "2500736"]
[EventDate "2010.10.24"]
[Source "TWIC 835"]

1. e4 e5 2. Nf3 Nc6 3. Bb5 a6 4. Bxc6 dxc6 5. O-O Bg4 6. h3 h5 7. d3 Qf6 8. Be3
Bxf3 9. Qxf3 Qxf3 10. gxf3 Bd6 11. Nd2 Ne7 12. Nc4 Ng6 13. Rfd1 c5 14. Kf1 f6
15. Ke2 Kf7 16. Rg1 b6 17. Rg2 Nh4 18. Rgg1 g5 19. a4 a5 20. Rad1 Ng6 21. Bd2
Rh7 22. c3 Rhh8 23. Be3 Rhd8 24. Kf1 h4 25. Ke2 Be7 26. Rd2 Rd7 27. Rdd1 Rad8
28. Rd2 Nf8 29. Rdd1 Ne6 30. Bc1 Bd6 31. Be3 Be7 32. Bc1 Rg8 33. Be3 Rdd8 34.
Bc1 Bd6 35. Be3 Be7 1/2-1/2

[Event "Uxbridge Premier"]
[Site "Denham ENG"]
[Date "2010.10.25"]
[Round "3"]
[White "Lyell, Mark"]
[Black "Smith, Andrew Philip"]
[Result "1-0"]
[WhiteTitle "FM"]
[BlackTitle "FM"]
[WhiteElo "2202"]
[BlackElo "2190"]
[Plycount "77"]
[WhiteFideId "402354"]
[BlackFideId "2500833"]
[EventDate "2010.10.24"]
[Source "TWIC 835"]

1. e4 e5 2. Nf3 d6 3. d4 Nd7 4. Bc4 Qf6 5. Nc3 c6 6. Be3 h6 7. Qd2 Be7 8. O-O-O
Bd8 9. h4 Qe7 10. h5 Bc7 11. Nh4 Nb6 12. Bb3 Nf6 13. a4 a5 14. dxe5 dxe5 15. f3
Nxh5 16. Qf2 Ra6 17. g4 Nf4 18. Nf5 Bxf5 19. gxf5 Nd7 20. Rdg1 Qf6 21. Ne2 Nxe2+
22. Qxe2 Bb6 23. Bg5 Qd6 24. Rd1 Qc7 25. Kb1 Ra8 26. Be3 Bxe3 27. Qxe3 Nf6 28.
Rdg1 Kf8 29. Rg2 Qe7 30. Qb6 Kg8 31. Rhg1 Rh7 32. Rd1 Kh8 33. Rgd2 h5 34. Rd8+
Rxd8 35. Qxd8+ Ng8 36. Qxe7 Nxe7 37. Rd8+ Ng8 38. Bxf7 Rh6 39. Bxg8 1-0

[Event "Uxbridge Premier"]
[Site "Denham ENG"]
[Date "2010.10.25"]
[Round "3"]
[White "Fox, Anthony"]
[Black "Campbell, Eoin"]
[Result "1-0"]
[WhiteElo "2130"]
[BlackElo "1936"]
[Plycount "93"]
[WhiteFideId "2500736"]
[BlackFideId "2400740"]
[EventDate "2010.10.24"]
[Source "TWIC 835"]

1. e4 c5 2. Nc3 Nc6 3. g3 g6 4. Bg2 Bg7 5. d3 d6 6. Be3 e5 7. Qd2 Nge7 8. f4 O-O
9. Nf3 Nd4 10. O-O Bg4 11. fxe5 dxe5 12. Rf2 f5 13. Raf1 Qd7 14. Nh4 b5 15. Bg5
f4 16. Bxe7 Qxe7 17. Nd5 Qd8 18. c3 g5 19. cxd4 gxh4 20. dxc5 hxg3 21. hxg3 fxg3
22. Rxf8+ Bxf8 23. b4 Qh4 24. Nf6+ Kh8 25. Nxg4 Qxg4 26. Rf5 a5 27. Bf3 Qh4 28.
Rh5 Qd8 29. Qc3 axb4 30. Qxe5+ Bg7 31. Qd5 Qxd5 32. Rxd5 Rxa2 33. Rd8+ Bf8 34.
Rxf8+ Kg7 35. Rb8 b3 36. Rxb5 b2 37. d4 Ra1+ 38. Kg2 b1=Q 39. Rxb1 Rxb1 40. c6
Kf6 41. Kxg3 Rb4 42. e5+ Kg5 43. d5 h5 44. c7 h4+ 45. Kh2 Rc4 46. d6 Kf4 47. Bg2 1-0

[Event "Uxbridge Premier"]
[Site "Denham ENG"]
[Date "2010.10.25"]
[Round "3"]
[White "Wadsworth, Matthew J"]
[Black "Cafolla, Peter"]
[Result "1/2-1/2"]
[WhiteElo "1868"]
[BlackElo "2088"]
[Plycount "48"]
[WhiteFideId "415804"]
[BlackFideId "2500884"]
[EventDate "2010.10.24"]
[Source "TWIC 835"]

1. c4 e6 2. g3 d5 3. Bg2 c5 4. Nf3 Nc6 5. cxd5 exd5 6. O-O Nf6 7. d4 Be7 8. Nc3
O-O 9. Bg5 cxd4 10. Nxd4 h6 11. Bf4 Bg4 12. h3 Be6 13. Qd2 Qd7 14. Kh2 Rad8 15.
Rad1 Ne4 16. Nxe4 dxe4 17. Nxe6 Qxe6 18. Qc1 Nd4 19. Qe3 g5 20. Rxd4 Rxd4 21.
Qxd4 gxf4 22. Qxe4 Bd6 23. Qxe6 fxe6 24. gxf4 Rxf4 1/2-1/2

[Event "Uxbridge Premier"]
[Site "Denham ENG"]
[Date "2010.10.26"]
[Round "4"]
[White "Veit, Darlan Rodrigo"]
[Black "Fox, Anthony"]
[Result "1/2-1/2"]
[WhiteElo "2123"]
[BlackElo "2130"]
[Plycount "128"]
[WhiteFideId "2108542"]
[BlackFideId "2500736"]
[EventDate "2010.10.24"]
[Source "TWIC 835"]

1. e4 e5 2. Nf3 Nc6 3. Bb5 a6 4. Bxc6 dxc6 5. O-O f6 6. d4 exd4 7. Nxd4 c5 8.
Ne2 Qxd1 9. Rxd1 Bd7 10. Nbc3 O-O-O 11. Bf4 Ne7 12. Nd5 Nxd5 13. Rxd5 Re8 14. f3
Bc6 15. Rd2 Be7 16. Rad1 b6 17. Nc3 h5 18. h3 g5 19. Bg3 h4 20. Bh2 Rhf8 21. Nd5
Bd8 22. Ne3 Rf7 23. Nf5 Rd7 24. Kf2 Rxd2+ 25. Rxd2 Bd7 26. Ne3 Be6 27. a3 b5 28.
Nf5 Bxf5 29. exf5 c4 30. c3 Be7 31. Re2 Bc5+ 32. Ke1 Rxe2+ 33. Kxe2 Kd7 34. f4
c6 35. fxg5 fxg5 36. Kf3 a5 37. Be5 Ke7 38. Bc7 a4 39. Be5 Kf7 40. g3 hxg3 41.
Bxg3 Kf6 42. Ke4 Bg1 43. Bc7 Ke7 44. Kf3 Bc5 45. Bg3 Kf6 46. Ke4 Bg1 47. h4 gxh4
48. Bxh4+ Kf7 49. Bg5 Bc5 50. Ke5 Bf8 51. f6 Bc5 52. Bf4 Ba7 53. Kf5 Bb6 54. Bg5
Ba7 55. Bh6 Bb6 56. Bd2 Ba7 57. Ke5 Bb8+ 58. Kd4 Ba7+ 59. Ke5 Bb8+ 60. Kf5 Ba7
61. Bg5 Bb6 62. Bd2 Ba7 63. Bf4 Bb6 64. Bd2 Ba7 1/2-1/2

[Event "Uxbridge Premier"]
[Site "Denham ENG"]
[Date "2010.10.26"]
[Round "4"]
[White "Smith, Andrew Philip"]
[Black "Taylor, Dale C"]
[Result "1-0"]
[WhiteTitle "FM"]
[WhiteElo "2190"]
[BlackElo "1905"]
[Plycount "63"]
[WhiteFideId "2500833"]
[BlackFideId "416410"]
[EventDate "2010.10.24"]
[Source "TWIC 835"]

1. e4 c5 2. Nf3 Nc6 3. d4 cxd4 4. Nxd4 Nf6 5. Nc3 e5 6. Ndb5 d6 7. Bg5 a6 8. Na3
b5 9. Nd5 Be7 10. Bxf6 Bxf6 11. c3 Bg5 12. Nc2 Ne7 13. h4 Bh6 14. a4 bxa4 15.
Rxa4 O-O 16. Ncb4 a5 17. Nxe7+ Qxe7 18. Nd5 Qb7 19. b3 Be6 20. Bc4 Rfc8 21. O-O
Kh8 22. Qd3 Bd7 23. Ra3 a4 24. Rb1 Rab8 25. Ba6 Bb5 26. Bxb5 Qxb5 27. Qxb5 Rxb5
28. Rxa4 g6 29. Ra7 Kg7 30. Rc7 Rxc7 31. Nxc7 Rc5 32. Nd5 1-0

[Event "Uxbridge Premier"]
[Site "Denham ENG"]
[Date "2010.10.26"]
[Round "4"]
[White "Cafolla, Peter"]
[Black "Quinn, Joseph R"]
[Result "0-1"]
[WhiteElo "2088"]
[BlackElo "1808"]
[Plycount "50"]
[WhiteFideId "2500884"]
[BlackFideId "470899"]
[EventDate "2010.10.24"]
[Source "TWIC 835"]

1. e4 e5 2. Nf3 Nc6 3. d4 exd4 4. Nxd4 Nf6 5. Nc3 Bc5 6. Nb3 Bb4 7. Bd3 Bxc3+ 8.
bxc3 d6 9. Bg5 h6 10. Bh4 Qe7 11. f3 Bd7 12. O-O g5 13. Bf2 Rg8 14. Qd2 Ne5 15.
Rab1 Nh5 16. Nd4 O-O-O 17. c4 c5 18. Ne2 g4 19. f4 Nf3+ 20. gxf3 gxf3+ 21. Ng3
Qh4 22. Rfd1 Nxg3 23. Bxg3 Rxg3+ 24. hxg3 Qxg3+ 25. Kh1 f2 0-1

[Event "Uxbridge Premier"]
[Site "Denham ENG"]
[Date "2010.10.26"]
[Round "5"]
[White "Fox, Anthony"]
[Black "Summerscale, Aaron P"]
[Result "0-1"]
[BlackTitle "GM"]
[WhiteElo "2130"]
[BlackElo "2419"]
[Plycount "126"]
[WhiteFideId "2500736"]
[BlackFideId "400980"]
[EventDate "2010.10.24"]
[Source "TWIC 835"]

1. e4 e6 2. d3 d5 3. Nd2 Nf6 4. Ngf3 Bc5 5. e5 Nfd7 6. c3 Be7 7. d4 c5 8. Bd3
Nc6 9. O-O g5 10. h3 h5 11. Bb5 Qb6 12. Bxc6 bxc6 13. Nb3 g4 14. hxg4 hxg4 15.
Nh2 g3 16. fxg3 c4 17. Nd2 Nxe5 18. Ndf3 Nd3 19. b4 Qc7 20. Ne5 Nxe5 21. dxe5
Qb6+ 22. Kh1 Bd7 23. Qf3 Rh7 24. Be3 Qc7 25. Bd4 O-O-O 26. Kg1 Rg8 27. Ng4 Rg6
28. Ne3 Be8 29. a4 Rg8 30. Ng4 Rg6 31. Ne3 Rhg7 32. g4 Rg8 33. a5 Bf8 34. Qe2
Rg5 35. Ra2 Bg7 36. Nc2 Bxe5 37. Bxe5 Rxe5 38. Qf3 Re4 39. Nd4 Rexg4 40. Qe3 Re4
41. Qh3 Qg3 42. Qxg3 Rxg3 43. Rf3 Rxf3 44. Nxf3 f6 45. Kf2 e5 46. Ra1 Rf4 47. g3
Rf5 48. Kg2 c5 49. bxc5 d4 50. Nh4 Bc6+ 51. Kg1 Rg5 52. cxd4 exd4 53. Kf2 Rxc5
54. Ng6 Kd7 55. Nf4 Re5 56. Rd1 d3 57. a6 Bb5 58. Kf3 Kc6 59. g4 Bxa6 60. Ra1
Kb6 61. Rb1+ Bb5 62. Ng6 Re8 63. Nf4 Kc5 0-1

[Event "Uxbridge Premier"]
[Site "Denham ENG"]
[Date "2010.10.26"]
[Round "5"]
[White "Quinn, Joseph R"]
[Black "Smith, Andrew Philip"]
[Result "0-1"]
[BlackTitle "FM"]
[WhiteElo "1808"]
[BlackElo "2190"]
[Plycount "70"]
[WhiteFideId "470899"]
[BlackFideId "2500833"]
[EventDate "2010.10.24"]
[Source "TWIC 835"]

1. e4 e5 2. Nf3 d6 3. Bc4 Qf6 4. Nc3 c6 5. d4 h6 6. dxe5 dxe5 7. h3 Bc5 8. Qd3
Ne7 9. Be3 Nd7 10. O-O-O Bxe3+ 11. Qxe3 O-O 12. Rd2 Nb6 13. Bb3 Be6 14. Rhd1 Ng6
15. Rd6 Nc8 16. R6d2 Nf4 17. g4 Nxh3 18. Nxe5 Qxe5 19. Qxh3 Qf4 20. Bxe6 fxe6
21. Kb1 Nb6 22. g5 Qxg5 23. Qxe6+ Kh8 24. Re2 Rae8 25. Qh3 Nc4 26. Qh2 Qc5 27.
Rd3 Ne5 28. Rg3 Qd4 29. Qh5 Rd8 30. a3 Rf6 31. f4 Rxf4 32. Reg2 Nf7 33. Rxg7
Rf1+ 34. Ka2 Qc4+ 35. b3 Qxc3 0-1

[Event "Uxbridge Premier"]
[Site "Denham ENG"]
[Date "2010.10.26"]
[Round "5"]
[White "McKerracher, Douglas"]
[Black "Cafolla, Peter"]
[Result "1/2-1/2"]
[WhiteElo "1940"]
[BlackElo "2088"]
[Plycount "162"]
[WhiteFideId "2401002"]
[BlackFideId "2500884"]
[EventDate "2010.10.24"]
[Source "TWIC 835"]

1. e4 c5 2. Nc3 a6 3. g3 b5 4. Bg2 Bb7 5. d3 e6 6. Nf3 d5 7. exd5 exd5 8. O-O
Be7 9. Re1 Nf6 10. Qe2 Nc6 11. Bg5 O-O 12. Rad1 h6 13. Bc1 Re8 14. Qd2 Bd6 15.
Rxe8+ Qxe8 16. Nh4 Ne7 17. Re1 Qd7 18. Nd1 d4 19. Bxb7 Qxb7 20. Qe2 Rc8 21. Qf3
Qxf3 22. Nxf3 Ned5 23. Bd2 a5 24. a4 bxa4 25. Bxa5 Ra8 26. Bd2 a3 27. bxa3 Rxa3
28. Nb2 Nb6 29. Ne5 Bxe5 30. Rxe5 Ra7 31. Bc1 Ra1 32. Re1 Rb1 33. Kf1 Nfd5 34.
Ke2 Nc3+ 35. Kd2 Na2 36. Nc4 Nxc4+ 37. dxc4 Nxc1 38. Rxc1 Rxc1 39. Kxc1 f5 40.
h4 g5 41. hxg5 hxg5 42. f3 Kf7 43. Kb2 Ke6 44. Ka3 Ke5 45. Ka4 g4 46. fxg4 fxg4
47. Kb5 Ke4 48. Kxc5 Kf3 49. Kd5 Kxg3 50. c5 Kf2 51. c6 g3 52. c7 g2 53. c8=Q
g1=Q 54. Qf5+ Ke1 55. Qd3 Qf2 56. Kc4 Qf7+ 57. Kxd4 Qf6+ 58. Ke3 Qg5+ 59. Kd4
Qf6+ 60. Kc4 Qc6+ 61. Kb3 Qb6+ 62. Ka2 Qa7+ 63. Kb2 Qb7+ 64. Qb3 Qg2 65. Qe3+
Kd1 66. Qd4+ Ke1 67. Kb3 Qg8+ 68. c4 Qb8+ 69. Ka4 Qa8+ 70. Kb5 Qb7+ 71. Qb6 Qd7+
72. Qc6 Qf5+ 73. Qd5 Qb1+ 74. Kc5 Qb8 75. Qe6+ Kf1 76. Qc6 Qf8+ 77. Kb6 Qd8+ 78.
Kc5 Qf8+ 79. Kd5 Qf5+ 80. Kd4 Qf2+ 81. Ke5 Qg3+ 1/2-1/2

[Event "Uxbridge Premier"]
[Site "Denham ENG"]
[Date "2010.10.27"]
[Round "6"]
[White "Smith, Andrew Philip"]
[Black "Holland, James P"]
[Result "0-1"]
[WhiteTitle "FM"]
[WhiteElo "2190"]
[BlackElo "2034"]
[Plycount "86"]
[WhiteFideId "2500833"]
[BlackFideId "416835"]
[EventDate "2010.10.24"]
[Source "TWIC 835"]

1. e4 c5 2. Nf3 d6 3. d4 cxd4 4. Nxd4 Nf6 5. Nc3 g6 6. Nd5 Bg7 7. Nxf6+ Bxf6 8.
Bh6 Qb6 9. c3 Qxb2 10. Bb5+ Bd7 11. O-O Nc6 12. Qa4 Qxc3 13. Nxc6 bxc6 14. Bc4
Bg7 15. Rfc1 Qe5 16. Bxg7 Qxg7 17. Ba6 Rb8 18. Bf1 O-O 19. Qxa7 Rfd8 20. a4 Ra8
21. Qb6 c5 22. Ba6 Rdb8 23. Bb7 Rxa4 24. Rxa4 Bxa4 25. Qa7 Qf8 26. Bd5 Qe8 27.
h4 Rb4 28. e5 Rd4 29. Bf3 Rxh4 30. Re1 Qd7 31. Qb8+ Kg7 32. exd6 Qxd6 33. Qb2+
Rd4 34. Qc3 e5 35. Rc1 Bd1 36. Bb7 c4 37. Qe3 Bg4 38. Rc2 Rd1+ 39. Kh2 e4+ 40.
g3 Bf3 41. Rc1 Qe5 42. Qxf3 exf3 43. Rxd1 Qe2 0-1

[Event "Uxbridge Premier"]
[Site "Denham ENG"]
[Date "2010.10.27"]
[Round "6"]
[White "Lock, Gavin R"]
[Black "Fox, Anthony"]
[Result "1/2-1/2"]
[WhiteElo "2198"]
[BlackElo "2130"]
[Plycount "111"]
[WhiteFideId "408646"]
[BlackFideId "2500736"]
[EventDate "2010.10.24"]
[Source "TWIC 835"]

1. d4 d5 2. Nf3 Nf6 3. c4 e6 4. Nc3 Be7 5. Bg5 O-O 6. e3 h6 7. Bh4 b6 8. Be2 Bb7
9. Bxf6 Bxf6 10. cxd5 exd5 11. b4 c6 12. O-O Re8 13. Qb3 a5 14. bxa5 Rxa5 15. a4
Nd7 16. Rfe1 Ba6 17. Bxa6 Rxa6 18. e4 dxe4 19. Nxe4 Ra8 20. Rad1 Qc7 21. Qc4
Rec8 22. h3 Ra5 23. Rc1 Rca8 24. Qxc6 Qxc6 25. Rxc6 Rxa4 26. Rd6 R8a7 27. Nxf6+
Nxf6 28. Rxb6 Rd7 29. Rb8+ Kh7 30. Rb5 Raa7 31. Rc5 g6 32. Rce5 Kg7 33. g3 Nd5
34. Rd1 Ra3 35. Kg2 Ra2 36. Rd2 Ra3 37. Re8 Nf6 38. Re5 Nd5 39. Re8 Nf6 40. Re1
Nd5 41. Ne5 Re7 42. Rc1 Ra6 43. Rc6 Rxc6 44. Nxc6 Rc7 45. Ne5 f6 46. Ng4 Rc3 47.
Nh2 Kf7 48. Nf3 h5 49. h4 Ke6 50. Re2+ Kd7 51. Rd2 Ke6 52. Ng1 Ra3 53. Ne2 Kf5
54. Nc1 Ke4 55. Ne2 g5 56. hxg5 1/2-1/2

[Event "Uxbridge Premier"]
[Site "Denham ENG"]
[Date "2010.10.27"]
[Round "6"]
[White "Cafolla, Peter"]
[Black "Jain, Radha"]
[Result "1-0"]
[WhiteElo "2088"]
[BlackElo "1853"]
[Plycount "51"]
[WhiteFideId "2500884"]
[BlackFideId "400149"]
[EventDate "2010.10.24"]
[Source "TWIC 835"]

1. e4 c5 2. Nc3 e6 3. g3 d5 4. exd5 exd5 5. d3 Nf6 6. Bg2 Be7 7. Nge2 O-O 8. O-O
Nc6 9. Nf4 d4 10. Ne4 Bf5 11. Nxf6+ Bxf6 12. Nd5 Be5 13. f4 Bd6 14. g4 Be6 15.
c4 dxc3 16. bxc3 Qh4 17. Ne3 g5 18. Nf5 Bxf5 19. gxf5 gxf4 20. Rf3 Kh8 21. Qf1
Ne5 22. Rh3 Qg4 23. Bxf4 Qxf5 24. d4 cxd4 25. cxd4 Nc4 26. Be5+ 1-0

[Event "Uxbridge Premier"]
[Site "Denham ENG"]
[Date "2010.10.27"]
[Round "7"]
[White "Lexton, Michael J"]
[Black "Smith, Andrew Philip"]
[Result "1/2-1/2"]
[BlackTitle "FM"]
[WhiteElo "2009"]
[BlackElo "2190"]
[Plycount "44"]
[WhiteFideId "1801678"]
[BlackFideId "2500833"]
[EventDate "2010.10.24"]
[Source "TWIC 835"]

1. e4 e5 2. Nf3 d6 3. d4 Nd7 4. Nc3 c6 5. Bc4 Qf6 6. O-O h6 7. a4 g5 8. Be3 Ne7
9. Ne2 Ng6 10. a5 Nf4 11. Ng3 g4 12. Ne1 exd4 13. Qxd4 Ne5 14. Bxf4 Qxf4 15. Nd3
Qf6 16. Nxe5 dxe5 17. Qd3 Bd7 18. Rad1 O-O-O 19. Nf5 Kc7 20. Qe3 Kb8 21. Rd3 Bb4
22. a6 Bxf5 1/2-1/2

[Event "Uxbridge Premier"]
[Site "Denham ENG"]
[Date "2010.10.27"]
[Round "7"]
[White "Fox, Anthony"]
[Black "Whitfield, Craig M"]
[Result "1/2-1/2"]
[WhiteElo "2130"]
[BlackElo "1987"]
[Plycount "94"]
[WhiteFideId "2500736"]
[BlackFideId "415073"]
[EventDate "2010.10.24"]
[Source "TWIC 835"]

1. e4 c5 2. Nc3 a6 3. g3 b5 4. Bg2 Bb7 5. d3 e6 6. f4 Be7 7. Nf3 d5 8. Qe2 dxe4
9. dxe4 Nc6 10. O-O Nd4 11. Nxd4 cxd4 12. Nd1 Nf6 13. Bd2 Qb6 14. Nf2 O-O 15.
Rac1 Rfd8 16. Nd3 b4 17. g4 a5 18. g5 Ne8 19. Kh1 Nd6 20. Rce1 Rac8 21. Bc1 Rc7
22. Rf2 Rdc8 23. Qd1 a4 24. b3 Ba6 25. bxa4 Bxd3 26. Qxd3 Rc3 27. Qf1 Qa5 28. e5
Nc4 29. Be4 g6 30. Bd2 Ra3 31. Bc1 Rxa2 32. Bd3 Nb6 33. Bd2 Qxa4 34. Qg2 Nd5 35.
Qe4 Ra1 36. Rff1 Rxe1 37. Rxe1 Qa7 38. h4 Nc3 39. Bxc3 dxc3 40. h5 Qa8 41. Qxa8
Rxa8 42. hxg6 hxg6 43. Bc4 Rd8 44. Bb3 Rd2 45. Re4 Bf8 46. Rc4 Re2 47. Kg1 Rd2 1/2-1/2